| 000 | 00668nam a22001697a 4500 | ||
|---|---|---|---|
| 003 | BD-DhUL | ||
| 005 | 20170516113500.0 | ||
| 008 | 170516s1987 bg ||||| |||| 00| 0 ben | ||
| 040 |
_aBD-DhUL _cBD-DhUL |
||
| 082 |
_a330.95492 _bUMB |
||
| 100 | 1 | _aউমর, বদরুদ্দীন | |
| 245 | 1 | 0 | _aবাংলাদেশে আর্থ-সামাজিক পরিবর্তনের ধারা / |
| 260 |
_aঢাকা : _bবর্ণ-বিচিত্রা, _c১৯৮৭. |
||
| 300 |
_a১৮৬ পৃ. ; _c২১ সেমি. |
||
| 650 | 0 | _aবাংলাদেশ - অর্থনৈতিক অবস্থা | |
| 942 |
_2ddc _cBK |
||
| 999 |
_c197486 _d197486 |
||